[Event "3. Arber-Open 2014"]
[Site "Bayerisch Eisenstein"]
[Date "2014.08.17"]
[Round "2.3"]
[White "Hausner, Ivan"]
[Black "Weiland, Thomas"]
[Result "1-0"]
[WhiteElo "2350"]
[BlackElo "1889"]
[PlyCount "47"]
[EventDate "2014.??.??"]
[WhiteTeam "SK 1908 Göggingen"]
[BlackTeam "SV Oberursel"]

1. c4 f5 2. g3 Nf6 3. Bg2 g6 4. Nc3 Bg7 5. Nf3 d6 6. d4 c6 7. d5 Bd7 8. Nd4 Qc8
9. O-O O-O 10. Rb1 Na6 11. b3 Nc7 12. dxc6 bxc6 13. Nxc6 Bxc6 14. Bxc6 Rb8 15.
Bb2 f4 16. Ne4 Qf5 17. Nxf6+ Bxf6 18. Bxf6 Rxf6 19. Qd4 Rb6 20. Be4 Qh5 21. Bf3
Qg5 22. Rbc1 Ra6 23. c5 Ne8 24. Qc4+ 1-0

[Event "3. Arber-Open 2014"]
[Site "Bayerisch Eisenstein"]
[Date "2014.08.17"]
[Round "2.4"]
[White "Kuba, Stanislav"]
[Black "Möhn, Hans"]
[Result "0-1"]
[WhiteElo "2137"]
[BlackElo "2226"]
[PlyCount "81"]
[EventDate "2014.??.??"]
[WhiteTeam "SC Furth im Wald"]
[BlackTeam "USV TU Dresden"]

1. g3 d5 2. Bg2 c6 3. d4 Nf6 4. Nf3 Bf5 5. Nbd2 h6 6. O-O e6 7. b3 Be7 8. Bb2
O-O 9. Ne5 Nbd7 10. Nxd7 Qxd7 11. f3 c5 12. c3 Bg6 13. e4 Rfd8 14. e5 Ne8 15.
Rf2 a5 16. Nf1 b5 17. Ne3 b4 18. f4 Nc7 19. a4 bxa3 20. Bxa3 cxd4 21. cxd4 Bxa3
22. Rxa3 Nb5 23. Ra1 Qa7 24. Rd2 Be4 25. Bh3 Nc3 26. Qh5 Bg6 27. Qf3 Ne4 28.
Rdd1 Nc3 29. Rd2 Ne4 30. Rdd1 Rab8 31. Ra3 Nc3 32. f5 Nxd1 33. Qxd1 exf5 34.
Bxf5 Rb4 35. Bxg6 Rxd4 36. Bxf7+ Kxf7 37. Qh5+ Kg8 38. b4 Rxb4 39. Qf3 Rf8 40.
Qe2 Re4 41. Kg2 0-1

[Event "3. Arber-Open 2014"]
[Site "Bayerisch Eisenstein"]
[Date "2014.08.17"]
[Round "2.5"]
[White "Höfelsauer, Thomas"]
[Black "Schulz, Gerhard"]
[Result "1-0"]
[WhiteElo "2257"]
[BlackElo "1792"]
[PlyCount "53"]
[EventDate "2014.??.??"]
[WhiteTeam "SK München SO"]
[BlackTeam "PSV Ludwigslust"]

1. c4 e6 2. Nc3 f5 3. d4 Nf6 4. Nf3 Be7 5. g3 O-O 6. Bg2 c6 7. d5 d6 8. O-O
cxd5 9. cxd5 e5 10. Ng5 h6 11. Ne6 Bxe6 12. dxe6 Nc6 13. e4 fxe4 14. Nxe4 Nxe4
15. Bxe4 Qe8 16. f4 exf4 17. gxf4 Rd8 18. Qg4 Bf6 19. Bd2 d5 20. Bd3 Bxb2 21.
Rab1 Bd4+ 22. Kh1 b6 23. Rbe1 Rd6 24. Bg6 Qe7 25. f5 Be5 26. Rg1 Kh8 27. Qh5
1-0

[Event "3. Arber-Open 2014"]
[Site "Bayerisch Eisenstein"]
[Date "2014.08.17"]
[Round "2.6"]
[White "Zepke, Armin"]
[Black "Haman, Jakub"]
[Result "1/2-1/2"]
[WhiteElo "2105"]
[BlackElo "2181"]
[PlyCount "58"]
[EventDate "2014.??.??"]
[WhiteTeam "SC Bayerwald"]
[BlackTeam "SK Kladno"]

1. d4 d5 2. Bf4 Nf6 3. e3 g6 4. Nf3 Bg7 5. Be2 O-O 6. O-O Nbd7 7. Nbd2 b6 8.
Ne5 Bb7 9. b4 Ne4 10. Nxe4 dxe4 11. c4 h6 12. Qb3 g5 13. Bg3 e6 14. Rfd1 Qe7
15. Rac1 a5 16. Nxd7 Qxd7 17. a3 axb4 18. axb4 Ra7 19. Ra1 Rfa8 20. Qb2 Rxa1
21. Rxa1 Rxa1+ 22. Qxa1 c5 23. bxc5 bxc5 24. Be5 Bxe5 25. dxe5 Bc6 26. Qa5 Qe7
27. Bd1 Kg7 28. g4 Qd7 29. Bc2 Qe7 1/2-1/2

[Event "3. Arber-Open 2014"]
[Site "Bayerisch Eisenstein"]
[Date "2014.08.17"]
[Round "2.7"]
[White "Forgach, Andreas"]
[Black "Miesbauer, Jan"]
[Result "1/2-1/2"]
[WhiteElo "1909"]
[BlackElo "2006"]
[PlyCount "104"]
[EventDate "2014.??.??"]
[WhiteTeam "Kasseler SK 1876"]
[BlackTeam "SC Bayerwald Regen/Zwiesel e.V."]

1. e4 c5 2. Nf3 d6 3. d4 cxd4 4. Nxd4 Nf6 5. Nc3 Nc6 6. Bc4 e6 7. Bb3 a6 8. O-O
Bd7 9. f4 Be7 10. Kh1 b5 11. f5 e5 12. Nxc6 Bxc6 13. Bd5 Bxd5 14. Nxd5 Nxd5 15.
Qxd5 O-O 16. Be3 Qc8 17. c3 Qc4 18. Qxc4 bxc4 19. Rad1 Rfb8 20. Bc1 Rb5 21. g4
h6 22. h4 f6 23. Rf2 Rab8 24. Kg2 Kf7 25. h5 Ke8 26. Kf3 Ra5 27. a3 Rab5 28.
Rd5 Rxd5 29. exd5 Rb5 30. Ke4 Kd7 31. Be3 Bd8 32. Re2 Kc7 33. Rc2 Kb7 34. Rg2
Kc8 35. Re2 Rb7 36. Rg2 Bb6 37. Bc1 Bc5 38. Re2 Kc7 39. Kf3 Kb6 40. a4 Ka5 41.
Re4 Kxa4 42. b4 Kb5 43. bxc5 Kxc5 44. Ba3+ Kxd5 45. Bb4 Rb5 46. Re1 Kc6 47. Ra1
Rb6 48. Ra5 Kc7 49. Ke4 Kc6 50. Rd5 Kd7 51. Ba5 Rb7 52. Bb4 Rb6 1/2-1/2

[Event "3. Arber-Open 2014"]
[Site "Bayerisch Eisenstein"]
[Date "2014.08.17"]
[Round "2.8"]
[White "Pliev, Vladimir"]
[Black "Weidenhöfer, Robert"]
[Result "1/2-1/2"]
[WhiteElo "2011"]
[BlackElo "1718"]
[PlyCount "78"]
[EventDate "2014.??.??"]
[BlackTeam "SW Nürnberg Süd e.V."]

1. e4 b6 2. d4 Bb7 3. Nc3 e6 4. Be3 Bb4 5. f3 Ne7 6. Nge2 O-O 7. a3 Bxc3+ 8.
Nxc3 d5 9. Qd2 Nd7 10. O-O-O c5 11. exd5 cxd4 12. Bxd4 Nxd5 13. Bc4 N7f6 14.
Qg5 h6 15. Qg3 Nh5 16. Qe5 Nhf6 17. Ne4 Rc8 18. Nd6 Qc7 19. Nxc8 Qxc4 20. Nd6
Qc6 21. Nxb7 Qxb7 22. Qg3 a5 23. Kb1 b5 24. Qd6 b4 25. a4 Rc8 26. Rd3 Ne8 27.
Qe5 Nef6 28. Rc1 Qc6 29. b3 Nc3+ 30. Bxc3 bxc3 31. Qxa5 Nd5 32. Qb5 Qd6 33. b4
Rb8 34. Rxd5 exd5 35. Qa5 Rxb4+ 36. Ka1 d4 37. Rb1 Rxb1+ 38. Kxb1 d3 39. Qa8+
Kh7 1/2-1/2

[Event "3. Arber-Open 2014"]
[Site "Bayerisch Eisenstein"]
[Date "2014.08.17"]
[Round "2.9"]
[White "Meertens, Martin"]
[Black "Kolb, Wolfgang"]
[Result "1/2-1/2"]
[WhiteElo "2168"]
[BlackElo "2064"]
[PlyCount "114"]
[EventDate "2014.??.??"]
[WhiteTeam "Klub Kölner SF e.V. 1"]
[BlackTeam "SK Königsbrunn"]

1. e4 d5 2. exd5 Qxd5 3. Nc3 Qa5 4. d4 Nf6 5. Nf3 Bf5 6. Bc4 e6 7. Bd2 c6 8.
Qe2 Bb4 9. O-O-O Nbd7 10. a3 Bxc3 11. Bxc3 Qc7 12. Ne5 Nxe5 13. dxe5 Nd5 14.
Bd2 O-O-O 15. g4 Bg6 16. f4 h5 17. h3 hxg4 18. hxg4 Rxh1 19. Rxh1 Qd7 20. Bb3
b5 21. Rf1 Kb7 22. Qf3 Rh8 23. f5 exf5 24. gxf5 Bxf5 25. Qxf5 Qxf5 26. Rxf5
Rh1+ 27. Be1 Rxe1+ 28. Kd2 Re4 29. Kd3 Rf4 30. Rh5 Kc7 31. Rg5 g6 32. e6 fxe6
33. Rxg6 Rf7 34. Bxd5 exd5 35. b3 a5 36. Rg8 Rf3+ 37. Kd4 a4 38. bxa4 Rf4+ 39.
Kc3 Rxa4 40. Kb3 Kb6 41. c3 Rh4 42. Rg3 Rc4 43. Rg8 d4 44. cxd4 Rxd4 45. Rg6
Re4 46. Rh6 Kc5 47. Rh3 Kd5 48. Rd3+ Rd4 49. Rh3 c5 50. Rh5+ Kc6 51. Rh6+ Rd6
52. Rh3 Kb6 53. Rh8 c4+ 54. Kb4 Kc6 55. a4 bxa4 56. Rc8+ Kd5 57. Rc5+ Kd4
1/2-1/2

[Event "3. Arber-Open 2014"]
[Site "Bayerisch Eisenstein"]
[Date "2014.08.17"]
[Round "2.10"]
[White "Strasil, Pavel"]
[Black "Gschwendtner, Stanislav"]
[Result "1/2-1/2"]
[WhiteElo "2132"]
[BlackElo "1987"]
[PlyCount "40"]
[EventDate "2014.??.??"]
[BlackTeam "SC Bayerwald"]

1. c4 c5 2. g3 Nc6 3. Bg2 g6 4. e3 Bg7 5. Ne2 e6 6. Nbc3 Nge7 7. d4 cxd4 8.
Nxd4 Nxd4 9. exd4 d5 10. O-O O-O 11. cxd5 Nxd5 12. Qb3 Qb6 13. Nxd5 exd5 14.
Be3 Be6 15. Rfc1 Bxd4 16. Bxd4 Qxd4 17. Rd1 Qf6 18. Bxd5 Bxd5 19. Rxd5 b6 20.
Rad1 Rad8 1/2-1/2

[Event "3. Arber-Open 2014"]
[Site "Bayerisch Eisenstein"]
[Date "2014.08.17"]
[Round "2.11"]
[White "Herbold, Manfred"]
[Black "Schleich, Theodor"]
[Result "0-1"]
[WhiteElo "2147"]
[BlackElo "2035"]
[PlyCount "58"]
[EventDate "2014.??.??"]
[WhiteTeam "TSV Hütschenhausen"]
[BlackTeam "SK Siemens München"]

1. d4 e6 2. e4 b6 3. Bd3 Bb7 4. Nf3 c5 5. Qe2 cxd4 6. Nxd4 Bc5 7. Nb3 Be7 8. c4
d6 9. O-O Nf6 10. f4 Nc6 11. Nc3 Rc8 12. a3 O-O 13. Be3 Qc7 14. Rac1 Rfd8 15.
Rfd1 Qb8 16. Bf2 Qa8 17. Bg3 Bf8 18. e5 dxe5 19. fxe5 Nd7 20. Nd5 exd5 21. Rf1
Ncxe5 22. Bxe5 Nxe5 23. Qxe5 Rd6 24. Qf5 Rh6 25. Qxf7+ Kh8 26. cxd5 Rxc1 27.
Nxc1 Bc5+ 28. Kh1 Bxd5 29. Be4 Bxe4 0-1

[Event "3. Arber-Open 2014"]
[Site "Bayerisch Eisenstein"]
[Date "2014.08.17"]
[Round "2.12"]
[White "Blank, Stefan"]
[Black "Cap, Adam"]
[Result "0-1"]
[WhiteElo "1838"]
[BlackElo "2080"]
[PlyCount "122"]
[EventDate "2014.??.??"]
[WhiteTeam "SC Sulzbach"]
[BlackTeam "SK Kladno"]

1. e4 e5 2. Nf3 Nc6 3. d3 Nf6 4. Be2 Bc5 5. O-O O-O 6. Bg5 h6 7. Bh4 g5 8. Bg3
d6 9. Nbd2 Nh5 10. c3 Bb6 11. Nc4 Re8 12. Nxb6 axb6 13. Nd2 Nf4 14. Bxf4 gxf4
15. Bg4 Bxg4 16. Qxg4+ Qg5 17. Qh3 h5 18. Nf3 Qg4 19. Qh4 Re6 20. h3 Qg6 21.
Kh2 Qh6 22. Qg5+ Qxg5 23. Nxg5 Rg6 24. Nf3 Ne7 25. Nh4 Rg5 26. g3 f5 27. gxf4
exf4 28. Nf3 Rg6 29. Rfe1 Kf7 30. exf5 Rg7 31. Nd4 Rag8 32. Rg1 Rxg1 33. Rxg1
Rxg1 34. Kxg1 Kf6 35. Nb5 Nd5 36. a3 f3 37. c4 Nf4 38. Nxc7 Nxh3+ 39. Kh2 Nxf2
40. Kg3 Nxd3 41. Nd5+ Kxf5 42. b4 Ke4 43. Nf6+ Ke3 44. Nd5+ Ke2 45. Nc3+ Ke3
46. Nd5+ Kd4 47. Kxf3 Ne5+ 48. Kf4 Nxc4 49. Ne7 b5 50. Nf5+ Kd3 51. Kg5 d5 52.
Kxh5 d4 53. Kg5 Kc3 54. Kf4 d3 55. Kf3 d2 56. Ke2 Nb2 57. Ne3 d1=Q+ 58. Nxd1+
Nxd1 59. Kxd1 Kb3 60. Kd2 Kxa3 61. Kc3 Ka4 0-1

[Event "3. Arber-Open 2014"]
[Site "Bayerisch Eisenstein"]
[Date "2014.08.17"]
[Round "2.13"]
[White "Völz, Stephan"]
[Black "Kottmair, Toni"]
[Result "1/2-1/2"]
[WhiteElo "1946"]
[BlackElo "2259"]
[PlyCount "75"]
[EventDate "2014.??.??"]
[WhiteTeam "Muldental Wilkau-Haßlau"]
[BlackTeam "SK Königsbrunn"]

1. d4 g6 2. Nf3 Nf6 3. Bf4 Bg7 4. e3 d6 5. h3 Nbd7 6. Be2 c5 7. c3 b6 8. O-O
Bb7 9. Nbd2 O-O 10. a4 a6 11. Qc2 Qc7 12. Bh2 cxd4 13. exd4 Bh6 14. Rfe1 Nd5
15. Ne4 Qc6 16. Bd3 Rfe8 17. Rad1 Kg7 18. Qb3 N5f6 19. c4 Nxe4 20. Bxe4 Qc7 21.
Qd3 Nf6 22. Bxb7 Qxb7 23. g4 d5 24. g5 dxc4 25. gxh6+ Kxh6 26. Qe3+ Kg7 27. Be5
Qd7 28. Ng5 Kg8 29. Qf3 h6 30. Bxf6 hxg5 31. Bxg5 f6 32. Bxf6 exf6 33. Qxf6
Qxh3 34. Qxg6+ Kf8 35. Qf6+ Kg8 36. Qg6+ Kf8 37. Qf6+ Kg8 38. Qg6+ 1/2-1/2

[Event "3. Arber-Open 2014"]
[Site "Bayerisch Eisenstein"]
[Date "2014.08.17"]
[Round "2.14"]
[White "Waddington, Mike P"]
[Black "Grabmeier, Johannes"]
[Result "1-0"]
[WhiteElo "2085"]
[BlackElo "1914"]
[PlyCount "149"]
[EventDate "2014.??.??"]
[WhiteTeam "Dorchester"]
[BlackTeam "SV Deggendorf"]

1. Nc3 b6 2. e4 e6 3. d4 Bb4 4. Bd3 Bb7 5. Nf3 Nf6 6. Qe2 d5 7. e5 Ne4 8. Bd2
Nxd2 9. Qxd2 Nd7 10. a3 Be7 11. Ne2 c5 12. c3 f6 13. Nf4 Kf7 14. exf6 Bxf6 15.
Qe2 e5 16. dxe5 Bxe5 17. Qd2 Re8 18. O-O-O g6 19. Nh3 Qf6 20. Rhe1 a6 21. Bc4
Rad8 22. Bxd5+ Bxd5 23. Qxd5+ Kg7 24. Qb7 Re7 25. Qe4 Bd6 26. Qd3 Rxe1 27. Nxe1
Ne5 28. Qxa6 c4 29. Qb7+ Rd7 30. Qe4 Re7 31. Qd5 Bc5 32. Qd8 Nc6 33. Qc8 Na5
34. Nf3 Bxa3 35. Nd4 Bc5 36. Kb1 Nb3 37. Nc6 Rf7 38. f4 h6 39. Ne5 Ra7 40. Rd7+
Rxd7 41. Qxd7+ Kg8 42. Nxc4 g5 43. Qd1 Na5 44. Qd5+ Qf7 45. Qxf7+ Kxf7 46. Nxa5
g4 47. Nf2 Bxf2 48. Nc4 Ke6 49. g3 Bg1 50. Nd2 Bxh2 51. Nf1 Bg1 52. Kc2 Bc5 53.
Kd3 h5 54. Ke4 Kf6 55. Ne3 Ke6 56. b3 b5 57. Nf5 Kf6 58. Nd4 Bb6 59. b4 Ba7 60.
Kd3 Bb6 61. Ke2 Kg6 62. Nxb5 h4 63. c4 h3 64. Kf1 Be3 65. c5 Kf5 66. Nd6+ Ke6
67. Nc4 Bd4 68. Ne5 Kf5 69. c6 Bb6 70. Nd7 Bc7 71. b5 Bxf4 72. gxf4 Kxf4 73. c7
Kg3 74. c8=Q h2 75. Qb8+ 1-0

[Event "3. Arber-Open 2014"]
[Site "Bayerisch Eisenstein"]
[Date "2014.08.17"]
[Round "2.15"]
[White "Desoye, Gernot"]
[Black "Bergmann, Reiner"]
[Result "1/2-1/2"]
[WhiteElo "1941"]
[BlackElo "1851"]
[PlyCount "34"]
[EventDate "2014.??.??"]
[WhiteTeam "SF Graz"]
[BlackTeam "SC Bayerwald"]

1. d4 Nf6 2. c4 g6 3. f3 Bg7 4. e4 d6 5. Nc3 O-O 6. Be3 e5 7. d5 Ne8 8. Qd2 f5
9. Nge2 Nf6 10. O-O-O fxe4 11. Nxe4 Nxe4 12. fxe4 Nd7 13. Kb1 Nf6 14. Nc3 Qe8
15. Be2 Ng4 16. Bxg4 Bxg4 17. Rdf1 Qe7 1/2-1/2

[Event "3. Arber-Open 2014"]
[Site "Bayerisch Eisenstein"]
[Date "2014.08.17"]
[Round "2.16"]
[White "Drews, Rüdiger"]
[Black "Gil, Arthur"]
[Result "0-1"]
[WhiteElo "1899"]
[BlackElo "2032"]
[PlyCount "86"]
[EventDate "2014.??.??"]
[WhiteTeam "Mosbacher SC von 1931"]
[BlackTeam "SU Ebersberg-Grafing"]

1. Nf3 Nf6 2. c4 g6 3. g3 Bg7 4. Bg2 O-O 5. O-O c5 6. Nc3 Nc6 7. d4 cxd4 8.
Nxd4 Re8 9. h3 Nxd4 10. Qxd4 d6 11. Qd3 Nd7 12. b3 Nc5 13. Qc2 Bf5 14. Qd2 Ne4
15. Bxe4 Bxe4 16. Bb2 Bc6 17. Rfd1 Qd7 18. Kh2 Rad8 19. Nd5 Qf5 20. f3 e5 21.
g4 Qd7 22. e4 f5 23. g5 Rf8 24. Rf1 Kh8 25. h4 fxe4 26. Qg2 Rxf3 27. Rxf3 exf3
28. Qxf3 Rf8 29. Qe2 Bxd5 30. cxd5 Rf4 31. Kg3 Qf5 32. Rc1 h5 33. Rc4 Kh7 34.
Bc1 Rxc4 35. bxc4 e4 36. Bb2 Bxb2 37. Qxb2 Qg4+ 38. Kf2 Qxh4+ 39. Ke3 Qxg5+ 40.
Kxe4 Qf5+ 41. Ke3 b6 42. Qh2 Qf6 43. Ke4 Kg7 0-1

[Event "3. Arber-Open 2014"]
[Site "Bayerisch Eisenstein"]
[Date "2014.08.17"]
[Round "2.17"]
[White "Strangmueller, Andreas"]
[Black "Ptacnik, Stanislav"]
[Result "1/2-1/2"]
[WhiteElo "2005"]
[BlackElo "2091"]
[PlyCount "50"]
[EventDate "2014.??.??"]
[WhiteTeam "SK Landshut"]

1. d4 Nf6 2. c4 e5 3. dxe5 Ng4 4. Nf3 Bc5 5. e3 Nc6 6. Be2 O-O 7. O-O Re8 8. b3
Ngxe5 9. Bb2 Nxf3+ 10. Bxf3 Ne5 11. Be2 a5 12. Nc3 Ra6 13. Qd5 Bf8 14. f4 Rd6
15. Qxa5 Nc6 16. Qg5 Qxg5 17. fxg5 Rd2 18. Bh5 g6 19. Nd5 Bg7 20. Bxg7 Kxg7 21.
Bf3 Nd8 22. Nxc7 Rxe3 23. Rfe1 Rxe1+ 24. Rxe1 Ne6 25. Nb5 b6 1/2-1/2

[Event "3. Arber-Open 2014"]
[Site "Bayerisch Eisenstein"]
[Date "2014.08.17"]
[Round "2.18"]
[White "Pingitzer, Guenther"]
[Black "Grod, Andreas"]
[Result "1/2-1/2"]
[WhiteElo "1880"]
[BlackElo "2018"]
[PlyCount "73"]
[EventDate "2014.??.??"]
[BlackTeam "SF Sailauf"]

1. e4 c5 2. Nf3 d6 3. d4 cxd4 4. Nxd4 Nf6 5. Nc3 a6 6. Be2 e6 7. O-O b5 8. Bf3
Nfd7 9. e5 d5 10. Bf4 Bb7 11. a3 Bc5 12. Nce2 Nc6 13. Nxc6 Bxc6 14. Nd4 Qb6 15.
c3 Be7 16. Re1 a5 17. Be3 Qc7 18. Nb3 O-O 19. Bd4 b4 20. axb4 axb4 21. Qd2 Ba4
22. Nc1 bxc3 23. Bxc3 Nc5 24. b4 Nb3 25. Nxb3 Bxb3 26. Qb2 Bc4 27. Rxa8 Rxa8
28. Ra1 Qb8 29. Rxa8 Qxa8 30. g3 Qa6 31. Bd1 Kf8 32. Bb3 Bb5 33. Qa2 Qxa2 34.
Bxa2 Ke8 35. Bb3 Kd7 36. f4 Kc6 37. Kf2 1/2-1/2

[Event "3. Arber-Open 2014"]
[Site "Bayerisch Eisenstein"]
[Date "2014.08.17"]
[Round "2.19"]
[White "Schröder, Stefan"]
[Black "Jenisch, Achim"]
[Result "1/2-1/2"]
[WhiteElo "1845"]
[BlackElo "1830"]
[PlyCount "69"]
[EventDate "2014.??.??"]
[WhiteTeam "Airbus Helicopters SG"]
[BlackTeam "SF Botv. Steinsfurt"]

1. d4 Nf6 2. Nf3 g6 3. e3 Bg7 4. Bd3 O-O 5. O-O b6 6. Nbd2 Bb7 7. c4 Na6 8. a3
c5 9. b3 d5 10. Bb2 Rc8 11. Qe2 cxd4 12. exd4 Nc7 13. Rfe1 Re8 14. Ne5 Ne6 15.
Nxf7 Nf4 16. Nxd8 Nxe2+ 17. Rxe2 Rcxd8 18. Rae1 Kf8 19. c5 Bc6 20. b4 bxc5 21.
dxc5 d4 22. Nb3 Nd5 23. Bxd4 Nf4 24. Bxg7+ Kxg7 25. Bc4 Nxe2+ 26. Bxe2 Ba4 27.
Na5 Rd2 28. Bf3 Kf6 29. Nc4 Rc2 30. Ne3 Ra2 31. Nd5+ Kg7 32. Nc3 Rxa3 33. Nxa4
Rb8 34. Nb2 Rxb4 35. Nd1 1/2-1/2

[Event "3. Arber-Open 2014"]
[Site "Bayerisch Eisenstein"]
[Date "2014.08.17"]
[Round "2.20"]
[White "Kleinhenz, Hans-Georg"]
[Black "Fernandez-Alvarez, Raul"]
[Result "1/2-1/2"]
[WhiteElo "1837"]
[BlackElo "1723"]
[PlyCount "83"]
[EventDate "2014.??.??"]
[WhiteTeam "Stolberger SV 1927"]
[BlackTeam "SG Schw München Nord e.V."]

1. d4 d5 2. c4 e6 3. g3 dxc4 4. Bg2 c6 5. Nf3 Nf6 6. O-O Be7 7. Ne5 O-O 8. Nxc4
Nbd7 9. Nc3 Nb6 10. Ne5 Bd6 11. Bg5 h6 12. Bxf6 Qxf6 13. Ne4 Qe7 14. Nxd6 Qxd6
15. Rc1 Bd7 16. e3 Rad8 17. Qe2 Bc8 18. Rfd1 Rfe8 19. a3 Nd7 20. Nd3 e5 21.
dxe5 Nxe5 22. Nxe5 Qxe5 23. Rc2 Qg5 24. h3 Rxd1+ 25. Qxd1 Rd8 26. Rd2 Rxd2 27.
Qxd2 Qe7 28. Kf1 Be6 29. Ke1 Qd7 30. Qxd7 Bxd7 31. h4 Kf8 32. Kd2 Ke7 33. Kc3
Kd6 34. f4 h5 35. e4 g6 36. e5+ Kc5 37. Bf1 Be6 38. b4+ Kb6 39. Be2 a5 40. Kd4
axb4 41. axb4 Kc7 42. Kc5 1/2-1/2

[Event "3. Arber-Open 2014"]
[Site "Bayerisch Eisenstein"]
[Date "2014.08.17"]
[Round "2.21"]
[White "Zellner, Richard"]
[Black "Flemming, Klaus"]
[Result "1/2-1/2"]
[WhiteElo "2143"]
[BlackElo "1766"]
[PlyCount "49"]
[EventDate "2014.??.??"]
[WhiteTeam "SG Schw München N"]

1. e4 e6 2. d4 d5 3. Nc3 Bb4 4. e5 c5 5. a3 Bxc3+ 6. bxc3 Qc7 7. Qg4 f5 8. Qg3
cxd4 9. cxd4 Ne7 10. Bd2 O-O 11. Bd3 b6 12. Ne2 Ba6 13. Nf4 Qd7 14. Bxa6 Nxa6
15. O-O Rac8 16. c3 Nb8 17. h4 Kh8 18. h5 Ng8 19. a4 Nc6 20. Rad1 Na5 21. Rb1
Rfe8 22. Rb4 Nc6 23. Rb5 Na5 24. Rb4 Nc6 25. Rb5 1/2-1/2

[Event "3. Arber-Open 2014"]
[Site "Bayerisch Eisenstein"]
[Date "2014.08.17"]
[Round "2.22"]
[White "Reuter, Roland"]
[Black "Trinkl, Andreas"]
[Result "1-0"]
[WhiteElo "2007"]
[BlackElo "1817"]
[PlyCount "81"]
[EventDate "2014.??.??"]
[WhiteTeam "SK Schwabach 1907 e.V."]
[BlackTeam "SV 1947 Walldorf"]

1. e4 c6 2. d4 d5 3. exd5 cxd5 4. Nf3 Nc6 5. Be2 Bg4 6. h3 Bh5 7. Bf4 e6 8. Nc3
a6 9. O-O Bd6 10. Qd2 Qc7 11. Bxd6 Qxd6 12. Rfe1 Nge7 13. a3 O-O 14. Rad1 b5
15. Nh4 Bxe2 16. Rxe2 Rfc8 17. Rde1 Ra7 18. Na2 a5 19. c3 Rb7 20. Nf3 Ng6 21.
g3 Qc7 22. Nc1 b4 23. axb4 axb4 24. Nd3 bxc3 25. Qxc3 Qb8 26. Nc5 Nb4 27. Ra1
h6 28. Ra4 Kh7 29. Qd2 Rb5 30. Ne1 Nc6 31. Ned3 Nf8 32. Re1 g6 33. Rc1 Ne7 34.
Rca1 Kg7 35. Qe3 Nf5 36. Qf3 h5 37. Ra7 Rc7 38. Ra8 Nxd4 39. Qe3 Nc2 40. Rxb8
Rbxc5 41. Qe5+ 1-0

[Event "3. Arber-Open 2014"]
[Site "Bayerisch Eisenstein"]
[Date "2014.08.17"]
[Round "2.23"]
[White "Leeb, Jonas"]
[Black "Bangert, Ruediger"]
[Result "1-0"]
[WhiteElo "1897"]
[BlackElo "1626"]
[PlyCount "87"]
[EventDate "2014.??.??"]
[WhiteTeam "SK München SO"]

1. c4 Nf6 2. g3 g6 3. Bg2 Bg7 4. Nc3 O-O 5. d3 d6 6. e4 Nc6 7. Nge2 a6 8. O-O
Bg4 9. f3 Bd7 10. Be3 e5 11. Qd2 Ne7 12. b4 b6 13. a4 Nh5 14. g4 Nf6 15. Bh6
Nc6 16. Bxg7 Kxg7 17. Nd5 Nxd5 18. exd5 Ne7 19. Ng3 f5 20. h3 Qe8 21. b5 axb5
22. axb5 Rxa1 23. Rxa1 fxg4 24. hxg4 Rf4 25. Ne2 Rf8 26. Qe3 Qf7 27. Ra7 Rc8
28. Ng3 Qf4 29. Qxf4 exf4 30. Ne4 h6 31. Nxd6 cxd6 32. Rxd7 Kf7 33. Rxd6 Rb8
34. Rd7 Ke8 35. Ra7 g5 36. d6 Ng6 37. Rg7 Nf8 38. d4 Rc8 39. Bf1 Rb8 40. c5
bxc5 41. dxc5 Kd8 42. c6 Ke8 43. Re7+ Kd8 44. c7+ 1-0

[Event "3. Arber-Open 2014"]
[Site "Bayerisch Eisenstein"]
[Date "2014.08.17"]
[Round "2.24"]
[White "Reinhardt, Michael"]
[Black "Ranker, Klemens"]
[Result "1-0"]
[WhiteElo "1847"]
[BlackElo "1925"]
[PlyCount "70"]
[EventDate "2014.??.??"]
[WhiteTeam "TuS Hartha"]
[BlackTeam "SC Hauptstuhl"]

1. f4 {[%emt 0:00:00]} d5 {[%eval 0,0] [%emt 0:00:00]} 2. Nf3 Nf6 3. e3 g6 4.
Be2 Bg7 5. O-O O-O 6. d3 c5 7. Nbd2 Nc6 8. Ne5 Qc7 9. Ndf3 Nd7 10. Nxd7 Bxd7
11. e4 dxe4 12. dxe4 Rad8 13. c3 e5 14. Qe1 Bg4 15. Qh4 Bxf3 16. gxf3 Qe7 17.
Qxe7 Nxe7 18. fxe5 Bxe5 19. Bg5 Rd7 20. Rad1 Rc7 21. Bc4 Nc6 22. Rd5 b6 23. Bb5
Re8 24. Rfd1 Kg7 25. f4 Bf6 26. Bxf6+ Kxf6 27. e5+ Kg7 28. Rd7 Rec8 29. Bxc6
Rxc6 30. Rxa7 R8c7 31. Rd7 Rxd7 32. Rxd7 Kf8 33. Kf2 Re6 34. Kf3 h5 35. Ke4 Re8
1-0

[Event "3. Arber-Open 2014"]
[Site "Bayerisch Eisenstein"]
[Date "2014.08.17"]
[Round "2.25"]
[White "Rösch, David"]
[Black "Moutaqi, Sandra"]
[Result "0-1"]
[WhiteElo "1337"]
[BlackElo "2069"]
[PlyCount "54"]
[EventDate "2014.??.??"]
[WhiteTeam "SC Bayerwald"]
[BlackTeam "PSV Ludwigslust"]

1. e4 c5 2. Nf3 Nc6 3. d4 cxd4 4. Nxd4 d6 5. Nc3 g6 6. Be3 Bg7 7. Qd2 Nf6 8.
Nxc6 bxc6 9. Bd3 O-O 10. Bh6 Qb6 11. Bxg7 Kxg7 12. b3 e5 13. O-O-O Be6 14. f4
exf4 15. Qxf4 Ng4 16. Rd2 Qc5 17. Kb2 Rab8 18. Re1 Ne5 19. Qe3 Qa5 20. Be2 Rfd8
21. Red1 Qc7 22. h3 Rb4 23. Rd4 c5 24. Rxb4 cxb4 25. Nd5 Bxd5 26. exd5 Rc8 27.
Rd2 Qc3+ 0-1

[Event "3. Arber-Open 2014"]
[Site "Bayerisch Eisenstein"]
[Date "2014.08.17"]
[Round "2.26"]
[White "Fuchs, Benno"]
[Black "Stutz, Robert"]
[Result "1-0"]
[WhiteElo "1790"]
[BlackElo "1830"]
[PlyCount "65"]
[EventDate "2014.??.??"]
[WhiteTeam "SF Botv. Steinsfurt"]
[BlackTeam "TSV Grossmehring"]

1. e4 d6 2. d4 Nf6 3. Nc3 Nbd7 4. Bc4 e5 5. Nge2 c6 6. O-O b5 7. Bd3 Be7 8. h3
Qc7 9. Be3 O-O 10. Ng3 Nb6 11. b3 b4 12. Nce2 exd4 13. Bxd4 c5 14. Bb2 c4 15.
bxc4 Nxc4 16. Bd4 Ne5 17. Bb5 Qb7 18. Bd3 a5 19. c3 Nxd3 20. Qxd3 Be6 21. Nf4
Rfc8 22. Nxe6 fxe6 23. cxb4 axb4 24. Rfb1 Ra3 25. Qxa3 Rc4 26. Qa7 Qxa7 27.
Bxa7 Nxe4 28. Nxe4 Rxe4 29. Re1 Rc4 30. Rac1 d5 31. Rxc4 dxc4 32. Rxe6 Kf7 33.
Rxe7+ 1-0

[Event "3. Arber-Open 2014"]
[Site "Bayerisch Eisenstein"]
[Date "2014.08.17"]
[Round "2.27"]
[White "Hubel, Hans-Martin"]
[Black "Fäth, Christian"]
[Result "1/2-1/2"]
[WhiteElo "1795"]
[BlackElo "1070"]
[PlyCount "45"]
[EventDate "2014.??.??"]
[WhiteTeam "SF Birkenfeld"]
[BlackTeam "SF Sailauf"]

1. e4 c5 2. Nf3 Nc6 3. c4 e6 4. Nc3 Nge7 5. Bd3 d5 6. exd5 exd5 7. Qe2 Be6 8.
cxd5 Nxd5 9. Nxd5 Qxd5 10. O-O Be7 11. Re1 O-O 12. Be4 Qd6 13. d3 Rfe8 14. Bd2
Bg4 15. Bc3 Bf6 16. Qd2 Bxc3 17. bxc3 Bxf3 18. Bxf3 b6 19. Qg5 Re5 20. Rxe5 Rc8
21. Qf5 Rd8 22. Qe4 Nxe5 23. Be2 1/2-1/2

[Event "3. Arber-Open 2014"]
[Site "Bayerisch Eisenstein"]
[Date "2014.08.17"]
[Round "2.28"]
[White "Schumacher, Ralph"]
[Black "Staudinger, Simon"]
[Result "0-1"]
[WhiteElo "1606"]
[BlackElo "1616"]
[PlyCount "80"]
[EventDate "2014.??.??"]
[WhiteTeam "SFB Steinsfurt"]
[BlackTeam "SC Sonnen 1986"]

1. g3 d5 2. Bg2 Nf6 3. d3 c5 4. b3 Bf5 5. Bb2 e6 6. Nd2 Nc6 7. a3 Be7 8. h3 O-O
9. e3 h6 10. Ne2 b5 11. O-O a5 12. Kh2 Qc7 13. Nf4 Rfd8 14. Nh5 Nxh5 15. Qxh5
Bg6 16. Qe2 Rac8 17. Rac1 a4 18. f4 Na5 19. Be5 Bd6 20. Bb2 axb3 21. cxb3 Qb6
22. e4 dxe4 23. dxe4 f6 24. Qg4 Kf7 25. Qe2 Be7 26. Rce1 c4 27. Rf3 Kg8 28. Rc1
Rc7 29. Rfc3 Rxd2 30. Qxd2 Nxb3 31. Rxb3 cxb3 32. Bd4 Bc5 33. Bxc5 Rxc5 34. Qd4
Rxc1 35. Qxb6 b2 36. f5 exf5 37. exf5 Bxf5 38. Bd5+ Kh7 39. Qd8 Rc2+ 40. Bg2
b1=Q 0-1